|
|
|
|
| LEADER |
00000naa0a2200000 4500 |
| 001 |
596581 |
| 005 |
20250121113908.0 |
| 035 |
|
|
|a (RuTPU)RU\TPU\tpu\19560
|
| 090 |
|
|
|a 596581
|
| 100 |
|
|
|a 20110726d1969 k y0engy50 ba
|
| 101 |
0 |
|
|a eng
|
| 102 |
|
|
|a HU
|
| 200 |
1 |
|
|a Field emission initiated vacuum arc in an extremely strong field at high current densities
|f G. N. Fursei [et al.]
|
| 333 |
|
|
|a В фонде НТБ ТПУ отсутствует
|
| 463 |
|
|
|t Proceedings of the IXth International Conference on Phenomena in Ionized Gases, Bucharest, september 1-6, 1969
|o contributed papers
|v P. 88
|d 1969
|
| 610 |
1 |
|
|a труды учёных ТПУ
|
| 701 |
|
1 |
|a Fursei
|b G. N.
|
| 701 |
|
1 |
|a Kartsev
|b G. K.
|
| 701 |
|
1 |
|a Mesyats
|b G. A.
|c russian physicist
|c academican, vice-president of RAS
|c graduate of Tomsk Polytechnic Institute
|f 1936-
|g Gennady Andreyevich
|3 (RuTPU)RU\TPU\pers\28088
|4 070
|
| 701 |
|
1 |
|a Proskurovsky
|b D. I.
|
| 701 |
|
1 |
|a Rotstein
|b V. P.
|
| 801 |
|
1 |
|a RU
|b 63413507
|c 20110726
|
| 801 |
|
2 |
|a RU
|b 63413507
|c 20110810
|g RCR
|
| 942 |
|
|
|c BK
|